[Event "5th Cesme Open 2017"]
[Site "Cesme"]
[Date "2017.06.14"]
[Round "5.2"]
[White "Gleizerov, Evgeny"]
[Black "Baklan, Vladimir"]
[Result "1/2-1/2"]
[WhiteElo "2507"]
[BlackElo "2604"]
[Annotator "TA"]
[PlyCount "39"]
[EventType "swiss"]
[EventCountry "TUR"]
[SourceTitle "playchess.com"]
[Source "ChessBase"]
[SourceQuality "1"]

{[%evp 19,25,0,0,0,27,24,18,7]} 1. d4 Nf6 2. c4 g6 3. Nc3 Bg7 4. e4 d6 5. Nf3 O-O 6. Be2 e5 7. O-O c6 8. Be3 exd4 9. Bxd4 Re8 10. Qc2 Nbd7 11. Rfe1 {E94: King's Indian: Classical: 6 Be2 e5 7 0-0: Various Black 7th moves} b6 12. Rad1 Qe7 13. Bf1 {[#]} {Predecessor:} Ne5 $146 14. Nxe5 dxe5 15. Be3 Ng4 16. Bc1 Be6 17. h3 Nf6 18. Be3 Rad8 19. a4 Nd7 20. a5 {0-1 (44) Fressinet,L (2664)-Shchekachev,A (2532) Livry Gargan 2009} 1/2-1/2

[Event "5th Cesme Open 2017"]
[Site "Cesme"]
[Date "2017.06.14"]
[Round "5.3"]
[White "Solodovnichenko, Yuri"]
[Black "Sadikhov, Ulvi"]
[Result "0-1"]
[WhiteElo "2583"]
[BlackElo "2483"]
[Annotator "TA"]
[PlyCount "72"]
[EventType "swiss"]
[EventCountry "TUR"]
[SourceTitle "playchess.com"]
[Source "ChessBase"]
[SourceQuality "1"]

{[%evp 10,72,33,30,93,-42,-58,-58,-58,-58,-53,-65,-51,-56,-53,-50,-50,-58,-43,-562,-556,-558,-585,-558,-570,-584,-584,-594,-599,-595,-592,-606,-598,-574,-580,-574,-575,-599,-598,-601,-581,-586,-572,-572,-570,-540,-433,-485,-475,-843,-847,-906,-906,-847,-823,-1053,-1058,-1036,-962,-936,-604,-607,-601,-600,-587]} 1. e4 d6 2. d4 Nf6 3. Nc3 e5 4. Nf3 {[%cal Bg1f3,Bf3g5,Bg5e6][%mdl 32]} Nbd7 5. Bc4 Be7 6. a4 a5 {C41: Philidor Defence} (6... O-O $11 {remains equal.}) 7. Bxf7+ $146 ({White should try} 7. Ng5 $16 d5 8. Nxd5 (8. exd5 O-O $14) (8. Bxd5 Nxd5 9. Nxd5 O-O $16) 8... Nxd5 9. Bxd5 (9. Nxf7 Kxf7 10. Bxd5+ Ke8 $15) 9... Bxg5 10. Qh5) ({Predecessor:} 7. O-O O-O 8. Re1 b6 9. h3 Bb7 10. dxe5 dxe5 11. Bg5 Re8 12. Qe2 h6 13. Bh4 Bb4 14. Rad1 Bxc3 15. bxc3 Qc8 {½-½ (132) Tari,A (2596)-Jobava,B (2701) chess.com INT 2017}) 7... Kxf7 $15 8. Ng5+ Kg8 $1 {Black is slightly better.} 9. Ne6 Qe8 {Threatens to win with ...Qg6.} 10. Nxc7 Qg6 $1 {[%csl LRe4,LRg2]} 11. Nxa8 {Black must now prevent 0-0.} Qxg2 12. Rf1 exd4 $1 {...Ne5 is the strong threat.} 13. Qxd4 Ne5 $36 {[%mdl 2048] Black has some pressure.} 14. f4 $2 {[%mdl 8192] [#]} (14. f3 $1 $15 Nfg4 15. Qd5+ Nf7 16. Qc4 Bh4+ 17. Kd1) 14... Nfg4 $1 $19 {Black is clearly winning.} 15. Qd5+ Nf7 16. Qc4 Bh4+ 17. Kd1 {[#]} Be6 $1 {[%mdl 512]} 18. Qe2 (18. Qxe6 Qxf1+) 18... Nf2+ 19. Rxf2 Bxf2 20. f5 Qg1+ 21. Kd2 {And now Nd1 would win.} Ne5 22. fxe6 {[#]} Be1+ $1 {[%mdl 512]} 23. Qxe1 Nf3+ 24. Ke2 Nxe1 ({Stronger than} 24... Qxe1+ 25. Kxf3 Qh1+ 26. Ke3 $11) 25. Bf4 Qg4+ 26. Kxe1 Qxf4 27. Nc7 Qe3+ 28. Kf1 h5 29. Rd1 (29. e7 $142 Kf7 30. N3d5) 29... Rh6 {( -> ...Rf6+)} 30. N3d5 Qf3+ 31. Ke1 Qxe4+ 32. Kf2 Qxc2+ 33. Ke1 Qe4+ 34. Kf2 Qh4+ 35. Ke3 {intending e7.} Qh3+ 36. Kd2 Rxe6 {Precision: White = 45%, Black = 85%.} ({Not} 36... Qxh2+ 37. Kc1 $17) 0-1

[Event "5th Cesme Open 2017"]
[Site "Cesme"]
[Date "2017.06.14"]
[Round "5.4"]
[White "Nevednichy, Vladislav"]
[Black "Ulybin, Mikhail"]
[Result "1/2-1/2"]
[WhiteElo "2533"]
[BlackElo "2499"]
[Annotator "TA"]
[PlyCount "92"]
[EventType "swiss"]
[EventCountry "TUR"]
[SourceTitle "playchess.com"]
[Source "ChessBase"]
[SourceQuality "1"]

{[%evp 24,92,10,9,16,16,11,0,0,0,0,0,0,0,0,0,0,0,0,0,0,0,0,0,0,-12,-8,-8,-10,-10,-10,-10,-10,-10,-10,-12,-9,-12,-12,-29,-8,-10,0,0,0,0,0,0,0,0,0,0,0,0,0,0,0,0,0,0,0,0,0,0,0,0,0,0,0,0,0]} 1. Nf3 Nf6 2. g3 g6 3. Bg2 Bg7 4. O-O d5 5. d4 O-O 6. c4 c6 7. cxd5 cxd5 8. Nc3 Ne4 9. Ne5 Nxc3 10. bxc3 Nc6 11. Nxc6 bxc6 12. Qa4 Qb6 13. Ba3 Qa6 {D79: Fianchetto Grünfeld: Symmetrical Variation (6 0-0 c6 7 cxd5 cxd5)} 14. Qxa6 Bxa6 15. Rfe1 Rfe8 16. e3 e6 17. Bf1 Bxf1 18. Kxf1 Bf8 19. Bxf8 Kxf8 $11 {[%mdl 4096] Endgame KRR-KRR} 20. Rab1 Reb8 21. Rb3 {[#]} Rb5 $146 22. Reb1 Rab8 23. Ke2 R8b6 24. Rb4 Ra6 25. a4 Rxa4 26. Rxa4 Rxb1 27. Rxa7 {KR-KR} Rb2+ 28. Kf3 Rc2 29. h4 h5 30. Rc7 Rxc3 31. Kf4 Kg7 32. f3 {[#]The position is equal.} c5 $1 {[%mdl 512]} 33. Rxc5 Rxc5 34. dxc5 {aiming for Ke5. KP-KP} Kf6 {[%csl Gf6][%cal Re6e5]} 35. e4 {Black must now prevent exd5.} e5+ 36. Ke3 d4+ 37. Kd3 Ke6 38. f4 f6 39. Kc4 Kd7 40. Kb4 Kc7 41. Kb3 Kb7 42. Kc4 Kc6 43. Kb4 $1 Kc7 (43... d3 $5 44. Kc3 $8 Kxc5 45. Kxd3 Kd6 $11) 44. Kb3 Kb7 45. Kc4 Kc6 46. Kb4 $1 Kc7 {Precision: White = 89%, Black = 81%.} (46... d3 $5 47. Kc3 $8 Kxc5 48. Kxd3 Kd6 $11) 1/2-1/2

[Event "5th Cesme Open 2017"]
[Site "Cesme"]
[Date "2017.06.14"]
[Round "5.5"]
[White "Khamrakulov, Djurabek"]
[Black "Shanava, Konstantine"]
[Result "1/2-1/2"]
[WhiteElo "2478"]
[BlackElo "2516"]
[Annotator "TA"]
[PlyCount "24"]
[EventType "swiss"]
[EventCountry "TUR"]
[SourceTitle "playchess.com"]
[Source "ChessBase"]
[SourceQuality "1"]

{[%evp 17,24,34,40,41,56,43,48,38,55]} 1. Nf3 Nf6 2. b3 g6 3. Bb2 Bg7 4. g3 O-O 5. Bg2 c6 6. O-O d5 7. d3 Nbd7 8. Nbd2 Ne8 {[%cal Bf6e8,Be8g7,Bg7f5][%mdl 32]} 9. Bxg7 Nxg7 {White is slightly better.} 10. d4 $146 {A07: Réti Opening: New York and Capablanca Systems} ({Predecessor:} 10. c4 e5 11. Qc2 d4 12. b4 Qe7 13. Rab1 a5 14. a3 Ne6 15. Rfe1 b6 16. e3 dxe3 17. Rxe3 axb4 18. axb4 {½-½ (31) Stankovic,D (2254)-Stojiljkovic,S (2134) Kragujevac 2015}) 10... Nf5 11. e4 dxe4 12. Nxe4 Nd6 1/2-1/2

[Event "5th Cesme Open 2017"]
[Site "Cesme"]
[Date "2017.06.14"]
[Round "5.6"]
[White "Arat, Ufuk Sezen"]
[Black "Rasulov, Vugar"]
[Result "0-1"]
[WhiteElo "2398"]
[BlackElo "2508"]
[Annotator "TA"]
[PlyCount "66"]
[EventType "swiss"]
[EventCountry "TUR"]
[SourceTitle "playchess.com"]
[Source "ChessBase"]
[SourceQuality "1"]

{[%evp 21,66,28,39,34,41,47,36,34,45,41,63,-17,-17,-23,-28,-21,-17,-22,-15,-61,-69,-70,-70,-56,-26,-21,-22,-45,-58,-251,-211,-295,-281,-577,-560,-591,-592,-585,-552,-781,-781,-729,-633,-716,-711,-879,-718]} 1. d4 Nf6 2. c4 e6 3. g3 d5 4. Nf3 Bb4+ 5. Bd2 Be7 6. Bg2 O-O 7. O-O dxc4 {E11: Bogo-Indian} (7... Nbd7 8. Qc2 c6 9. Rd1 b6 10. b3 a5 11. Bc3 Ne4 12. Ne5 Nxe5 13. Bxe4 f5 14. Bxd5 exd5 15. dxe5 f4 16. cxd5 cxd5 17. Bd4 Ba6 18. Qc6 Bxe2 {½-½ (28) Ding,L (2773)-Giri,A (2785) Moscow 2017}) 8. Qa4 a6 9. Qxc4 b5 10. Qc2 Bb7 11. Rc1 Bd6 {LiveBook: 10 Games} 12. a3 Nbd7 13. Ba5 Qe7 14. b4 Rac8 $146 ({Predecessor:} 14... Rfe8 15. Nbd2 {1-0 (32) Frijling,J (2100)-Matozo,P (2119) ICCF email 2011}) 15. Nbd2 Rfe8 16. Nh4 (16. Re1 $14) 16... Bxg2 $11 17. Kxg2 e5 18. Nf5 Qe6 19. e4 {Threatens to win with d5.} g6 20. Nxd6 cxd6 {[%cal Bc7d6,Bd6d5,Bd5e4][%mdl 32]} 21. Qxc8 Rxc8 22. Rxc8+ Kg7 23. d5 Nxd5 $1 24. Rac1 Ne7 25. Ra8 $2 (25. R8c3 $15) 25... d5 $19 26. Rc7 {[#] White wants to play Raa7.} dxe4 $1 27. Rd8 $2 (27. Nxe4 {was necessary.} Qd5 28. f3 Qxa8 29. Rxd7) 27... Nf6 {Black is clearly winning.} 28. Nf1 Nc6 29. Rd2 Nd5 30. Rxd5 Qxd5 31. Ne3 Qe6 32. Bb6 {[#]} Nxb4 $1 33. Bc5 (33. axb4 Qxb6) 33... Nd5 {Precision: White = 33%, Black = 80%.} 0-1

[Event "5th Cesme Open 2017"]
[Site "Cesme"]
[Date "2017.06.14"]
[Round "5.7"]
[White "Bashirli, Nail"]
[Black "Haznedaroglu, Kivanc"]
[Result "1/2-1/2"]
[WhiteElo "2345"]
[BlackElo "2501"]
[Annotator "TA"]
[PlyCount "76"]
[EventType "swiss"]
[EventCountry "TUR"]
[SourceTitle "playchess.com"]
[Source "ChessBase"]
[SourceQuality "1"]

{[%evp 12,76,45,31,45,44,47,25,49,15,18,16,65,20,15,20,31,20,34,29,64,45,68,42,35,-129,-135,-139,14,19,17,27,15,-60,-60,-53,-58,-64,-43,-37,-22,-23,-26,-50,-49,-49,-52,-47,-80,-80,-48,-49,-52,-72,0,0,0,0,0,0,2,2,2,2,2,2,2]} 1. e4 c5 2. Nf3 Nc6 3. d4 cxd4 4. Nxd4 Qb6 5. Nb3 Nf6 6. Nc3 e6 7. g3 {[%cal Bg2g3,Bg3g4,Bg4g5][%mdl 32]} (7. Be3 $5 {[%cal Re3b6]} Qd8 8. a3 $14) 7... a6 {B45: Sicilian Four Knights} (7... Bb4 8. Bg2 d5 9. exd5 Nxd5 10. Bd2 Nxc3 11. bxc3 Be7 12. O-O O-O 13. Be3 Qc7 14. Qh5 Bd7 15. Rad1 Rfd8 16. c4 Be8 17. c5 Rxd1 18. Rxd1 Rd8 19. Rxd8 Qxd8 20. Qe2 e5 {½-½ (20) Deac,B (2559)-Fedorov,A (2563) Calimanesti Caciulata 2016}) 8. Bg2 d6 9. O-O {[%cal Bh1f1,Bf1f3,Bf3h3][%mdl 32]} Be7 {White has an edge.} 10. Be3 Qc7 11. f4 O-O 12. g4 Nd7 13. g5 Re8 14. Rf3 b5 15. Rh3 b4 $146 ({Predecessor:} 15... g6 16. Qe1 Bb7 17. Qh4 h5 18. Rf1 Bf8 {1-0 (27) Ruiz Aguilar,P (2299)-Martinez Romero,M (2363) Puerto Boyaca 2012}) 16. Qh5 Nf8 17. Ne2 a5 18. Nbd4 $2 {[#]} (18. Rf1 $14) 18... Nxd4 $17 19. Nxd4 ({Wrong is} 19. Bxd4 $2 e5 $19) 19... a4 $2 (19... e5 $17 20. Nf5 Qxc2) 20. Rf1 $11 Ra5 21. f5 $36 {[%mdl 2048] White is pushing.} Bd8 22. fxe6 ({White should try} 22. f6 $11 Bxf6 23. Nc6 Qxc6 24. e5 Qxc2 25. gxf6 Rxe5 26. Qg4) 22... Bxe6 $15 23. Nxe6 Rxe6 24. Rhf3 {[%cal Rf3f7]} Rf6 $1 25. Kh1 {[%cal Rf3f6]} Ne6 26. Rf5 g6 27. Qd1 Rfxf5 28. exf5 Rxf5 29. Rxf5 gxf5 30. Bd5 a3 ({Reject} 30... Bxg5 31. Bxg5 Nxg5 32. Qg1 $11) 31. bxa3 bxa3 32. c4 f4 ({Stronger than} 32... Bxg5 33. Qg1 $16) (32... Qb8 $17) 33. Bf2 $11 {The position is equal.} Qe7 34. h4 Nc5 35. Qf3 Bb6 36. Bxc5 Bxc5 37. Qxf4 Kg7 38. Kg2 f6 {Precision: White = 50%, Black = 63%.} 1/2-1/2

[Event "5th Cesme Open 2017"]
[Site "Cesme"]
[Date "2017.06.14"]
[Round "5.8"]
[White "Quparadze, Giga"]
[Black "Uzunoglu, Efe Kerem"]
[Result "1-0"]
[WhiteElo "2509"]
[BlackElo "2060"]
[Annotator "TA"]
[PlyCount "49"]
[EventType "swiss"]
[EventCountry "TUR"]
[SourceTitle "playchess.com"]
[Source "ChessBase"]
[SourceQuality "1"]

{[%evp 29,49,78,67,58,36,-13,156,158,149,150,153,0,122,112,99,110,115,108,345,341,1610,1566]} 1. e4 c5 2. Nf3 d6 3. d4 Nf6 4. Nc3 cxd4 5. Nxd4 g6 6. Be3 Bg7 7. f3 O-O 8. Qd2 Nc6 9. Bc4 Bd7 10. h4 Ne5 11. Bb3 Qa5 12. O-O-O Rfc8 13. Kb1 Nc4 14. Bxc4 Rxc4 15. Nb3 Qc7 16. Bg5 {B79: Sicilian Dragon: Yugoslav Attack, 9 Bc4 Bd7 10 0-0-0 Qa5} (16. g4 Rc8 17. e5 Ne8 18. h5 Rxc3 19. bxc3 Qxc3 20. hxg6 hxg6 21. Qf2 Bxe5 22. Bd4 Bxd4 23. Rxd4 e6 24. Rd3 Qc4 {0-1 (47) Macieja,B (2543)-Kaliksteyn,A (2423) Dallas 2016}) 16... Be6 17. h5 $146 ({Predecessor:} 17. g4 Rc8 18. h5 Rxc3 19. Qxc3 Qxc3 20. bxc3 Rxc3 21. Rd3 Rc8 22. Be3 Nd7 23. hxg6 hxg6 {1-0 (63) Srebrnic,M (2281)-Bozinovic,B (2137) Nova Gorica 2007}) 17... a5 $2 {[#]} ({Better is} 17... Nxh5 $11 18. Nb5 Qd7) 18. hxg6 $1 $16 {White is clearly better.} hxg6 {next ...a4 is good for Black.} 19. Bh6 {Strongly threatening Bxg7.} Bh8 {Threatening ...a4.} 20. g4 $2 ({White should play} 20. Be3 $16) 20... Rxc3 (20... a4 $1 $11 {remains equal.}) 21. Qxc3 ({Don't play} 21. bxc3 $6 Bxg4 22. Qe3 (22. fxg4 $2 Nxe4 23. Qe3 Nxc3+ 24. Kc1 a4 $19) 22... Bd7 $11) 21... Qxc3 22. bxc3 Nd7 23. Bg5 Nb6 $2 (23... Re8 $16) 24. Bxe7 $18 {Hoping for Rxh8+!} Na4 $2 {[#]} (24... Bg7 25. Rxd6 Na4) 25. Rxh8+ $1 1-0

[Event "5th Cesme Open 2017"]
[Site "Cesme"]
[Date "2017.06.14"]
[Round "5.9"]
[White "Maghalashvili, Davit"]
[Black "Ainutdinov, Alexander"]
[Result "1-0"]
[WhiteElo "2490"]
[BlackElo "2007"]
[Annotator "TA"]
[PlyCount "71"]
[EventType "swiss"]
[EventCountry "TUR"]
[SourceTitle "playchess.com"]
[Source "ChessBase"]
[SourceQuality "1"]

{[%evp 23,71,18,70,66,60,65,81,62,70,64,97,93,99,69,103,105,104,87,110,42,178,261,249,266,260,247,175,159,215,181,374,364,481,483,693,685,681,624,658,672,694,680,675,604,546,104,169,101,718,705]} 1. Nf3 Nf6 2. c4 g6 3. g3 Bg7 4. Bg2 d5 5. cxd5 Nxd5 6. O-O O-O 7. d4 Nc6 8. Nc3 Nb6 9. e3 Re8 10. Re1 e5 11. d5 Na5 12. e4 Nac4 {LiveBook: 3 Games. D76: Fianchetto Grünfeld: Main Line with 7...Nb6} (12... c6 $11) (12... c6 13. b3 cxd5 14. exd5 e4 15. Nxe4 Rxe4 16. Rxe4 Bxa1 17. Bg5 Bf6 18. Bxf6 Qxf6 19. Re8+ Kg7 20. Qe1 {½-½ (32) Gelfand,B (2750)-Nepomniachtchi,I (2656) Dagomys 2010}) 13. b3 $14 Nd6 14. a4 {[%cal Ba2a4,Ba4b5,Bb5b6][%mdl 32]} a5 {White is slightly better.} 15. Be3 $146 ({Predecessor:} 15. Bg5 f6 16. Be3 f5 17. Rc1 Nxe4 18. Nxe4 fxe4 19. Bxb6 cxb6 20. Nd2 Qxd5 21. Bxe4 {1-0 (47) Cori Tello,D (2262)-Diaz Ordonez,C (2347) Havana 2009}) 15... Nd7 {[%cal Bb6d7,Bd7b8,Bb8a6,Ba6b4][%mdl 32]} 16. Rc1 Nb8 17. Nb5 Na6 18. Nd2 Nxb5 19. axb5 Nb4 20. Nc4 Bf8 21. f4 (21. Qd2 $16) 21... f6 (21... exf4 $14 22. gxf4 Qh4) 22. fxe5 $18 fxe5 23. Rf1 Bd7 24. b6 {And now bxc7 would win.} (24. Qf3 $6 Qe7 $16) 24... c6 25. Qf3 Qe7 {[#] intending ...cxd5.} 26. d6 $1 $36 {[%cal Rd6e7][%mdl 2048] Black is under strong pressure.} Qg7 $2 (26... Qe6 27. Qd1 Rec8) 27. Bg5 Be6 28. Bf6 Qd7 (28... Qh6 $142 29. Rcd1 (29. Nxe5 Bxd6 30. Nc4 Bc5+ 31. Kh1 Qh5 $14) (29. Bxe5 Bxc4 30. bxc4 Rxe5 $14) 29... Reb8) 29. Nxe5 Qxd6 30. Rfd1 Qb8 31. Nd7 Qc8 32. Bb2 {[#] White wants to mate with Qf6.} Bg7 33. Bxg7 Kxg7 34. Qf6+ $2 (34. Qc3+ $18 {is the precise move to win.} Kh6 35. Qe3+ Kg7 36. Qd4+ Kh6 37. Qe3+ Kg7 38. Qd4+ Kh6 39. Qe3+) 34... Kg8 $16 35. Nc5 (35. Ne5 $18 Rf8 36. Qg5 (36. Qe7 Re8 $14)) 35... Bg4 $2 {[%mdl 8192]} (35... Na6 $16) 36. Bf1 {Precision: White = 63%, Black = 34%.} ({Not} 36. Rf1 Qd8 $16) 1-0

[Event "5th Cesme Open 2017"]
[Site "Cesme"]
[Date "2017.06.14"]
[Round "5.10"]
[White "Rzayev, Bahruz"]
[Black "Severcan, Sedat Sabri"]
[Result "1/2-1/2"]
[WhiteElo "2392"]
[BlackElo "1915"]
[Annotator "ChessBase"]
[PlyCount "99"]
[EventType "swiss"]
[EventCountry "TUR"]
[SourceTitle "playchess.com"]
[Source "ChessBase"]
[SourceQuality "1"]
[TimeControl "5400+30"]

1. e4 e6 2. b3 d5 3. Bb2 c5 {[%emt 0:04:00]} 4. exd5 {[%emt 0:05:00]} exd5 {[%emt 0:00:30]} 5. Nf3 {[%emt 0:00:30]} Nf6 {[%emt 0:01:30]} 6. d4 {[%emt 0:02:30]} Be7 {[%emt 0:05:30]} 7. Be2 {[%emt 0:06:30]} O-O {[%emt 0:00:30]} 8. O-O {[%emt 0:00:30]} Nc6 {[%emt 0:03:30]} 9. Nc3 {[%emt 0:02:30]} Bg4 {[%emt 0:08:30]} 10. dxc5 {[%emt 0:01:30]} Bxc5 {[%emt 0:01:30]} 11. Na4 {[%emt 0:00:30]} Be7 {[%emt 0:00:30]} 12. Nd4 {[%emt 0:01:30]} Bd7 {[%emt 0:06:30]} 13. Bf3 {[%emt 0:03:30]} Rc8 {[%emt 0:02:30]} 14. Nc3 {[%emt 0:06:30]} Nxd4 {[%emt 0:03:30]} 15. Qxd4 {[%emt 0:04:30]} Bc5 {[%emt 0:01:30]} 16. Qd3 {[%emt 0:00:30]} Bc6 {[%emt 0:05:30]} 17. Rad1 {[%emt 0:05:30]} Bb6 {[%emt 0:03:30]} 18. Ne2 {[%emt 0:01:30]} Bc7 {[%emt 0:04:30]} 19. Nd4 {[%emt 0:01:30]} Qd6 {[%emt 0:01:30]} 20. g3 {[%emt 0:00:00]} Bd7 {[%emt 0:00:30]} 21. Nb5 {[%emt 0:05:00]} Bxb5 {[%emt 0:01:30]} 22. Qxb5 {[%emt 0:00:30]} Qc6 {[%emt 0:00:30]} 23. Qd3 {[%emt 0:00:30]} Bb6 {[%emt 0:04:30]} 24. Bxf6 {[%emt 0:01:30]} Qxf6 {[%emt 0:00:30]} 25. Bxd5 {[%emt 0:00:30]} Rc3 {[%emt 0:02:30]} 26. Qe2 {[%emt 0:03:30]} Rc7 {[%emt 0:04:30]} 27. Rd3 {[%emt 0:03:30]} Re7 {[%emt 0:00:30]} 28. Qd2 {[%emt 0:00:00]} g6 {[%emt 0:01:30]} 29. c4 {[%emt 0:04:00]} Rfe8 {[%emt 0:01:30]} 30. Rf3 {[%emt 0:00:30]} Qd4 {[%emt 0:01:30]} 31. Qg5 {[%emt 0:00:30]} Kg7 {[%emt 0:01:30]} 32. b4 {[%emt 0:03:30]} f6 {[%emt 0:00:30]} 33. Qc1 {[%emt 0:00:00]} a5 {[%emt 0:01:30]} 34. a3 {[%emt 0:03:00]} axb4 {[%emt 0:01:30]} 35. axb4 {[%emt 0:00:30]} Ba7 {[%emt 0:01:30]} 36. Rf4 {[%emt 0:02:30]} Qe5 {[%emt 0:02:30]} 37. Rd1 {[%emt 0:02:30]} g5 {[%emt 0:04:30]} 38. Rf3 {[%emt 0:00:30]} h5 {[%emt 0:01:44]} 39. Kg2 {[%emt 0:01:30]} g4 {[%emt 0:01:22]} 40. Rf4 {[%emt 0:00:00]} Qg5 {[%emt 0:02:18]} 41. Qb1 {[%emt 0:02:00]} Re2 {[%emt 0:03:43]} 42. Bxb7 {[%emt 0:02:30]} h4 {[%emt 0:01:29]} 43. Bc8 {[%emt 0:10:21]} h3+ {[%emt 0:07:03]} 44. Kf1 {[%emt 0:00:08]} Qxf4 {[%emt 0:02:02]} 45. Rd7+ {[%emt 0:03:26]} Kf8 {[%emt 0:01:33]} 46. Rf7+ {[%emt 0:00:03]} Kxf7 {[%emt 0:00:13]} 47. Qh7+ {[%emt 0:00:02]} Kf8 {[%emt 0:00:41]} 48. Qh8+ {[%emt 0:00:02]} Kf7 {[%emt 0:00:50]} 49. Qh7+ {[%emt 0:00:03]} Kf8 {[%emt 0:00:21]} 50. Qh8+ {[%emt 0:00:02]} 1/2-1/2

[Event "5th Cesme Open 2017"]
[Site "Cesme"]
[Date "2017.06.14"]
[Round "5.11"]
[White "Seyhanoglu, Deniz"]
[Black "Guseynov, Alihan"]
[Result "0-1"]
[WhiteElo "2043"]
[BlackElo "2346"]
[Annotator "NA"]
[PlyCount "54"]
[EventType "swiss"]
[EventCountry "TUR"]
[SourceTitle "playchess.com"]
[Source "ChessBase"]
[SourceQuality "1"]
[TimeControl "5400+30"]

{[%evp 8,52,8,32767,32767,32767,4,32767,32767,32767,32767,32767,13,0,0,0,4,0,1,-34,-34,-50,-35,-81,-92,-85,-89,-199,-143,-313,32767,32767,32767,-330,-308,-407,-420,-422,-447,-506,-529,-508,-550,32767,-633,-645,-624]} 1. c4 {[%emt 0:00:30]} g6 {[%emt 0:01:00]} 2. g3 {[%emt 0:00:00]} Bg7 {[%emt 0:00:30]} 3. Bg2 {[%emt 0:00:00]} c5 {[%emt 0:00:30]} 4. e3 {[%emt 0:00:00]} Nc6 {[%emt 0:00:30]} 5. Ne2 {[%emt 0:00:00]} e5 {[%emt 0:01:30]} 6. Nbc3 {[%emt 0:00:00]} Nge7 {[%emt 0:00:30]} 7. O-O {[%emt 0:00:00]} O-O {[%emt 0:05:00]} 8. a3 {[%emt 0:04:00]} a5 {[%emt 0:02:30] A36: Symmetrical English vs ...g6: 4 Bg2 Bg7} 9. Nd5 {[%emt 0:01:30]} (9. d3 d6 10. Rb1 Rb8 11. Nd5 Nxd5 12. cxd5 Ne7 13. b4 cxb4 14. axb4 b5 15. bxa5 Qxa5 16. Bd2 b4 17. Qb3 Bg4 18. Nc1 Rb6 19. Na2 Be2 {1-0 (57) Nakamura,H (2779)-Dominguez Perez,L (2739) Doha 2016}) 9... d6 {[%emt 0:07:30]} 10. Nec3 {[%emt 0:00:30]} Nxd5 {[%emt 0:11:30]} 11. Nxd5 {[%emt 0:00:30]} Be6 $146 {[%emt 0:17:30]} ({Predecessor:} 11... a4 12. d3 Bd7 13. Nc3 Na5 14. Nxa4 Nxc4 15. Nxc5 Nxb2 16. Bxb2 dxc5 {0-1 (54) Moor,R (2367)-Ekstroem,R (2491) Scuol 2001}) 12. d3 {[%emt 0:01:30]} Ne7 {[%emt 0:04:30]} 13. Rb1 {[%emt 0:03:30]} Nxd5 {[%emt 0:02:30]} 14. cxd5 {[%emt 0:01:30]} Bd7 {[%emt 0:00:30]} 15. b4 {[%emt 0:01:30]} cxb4 {[%emt 0:02:30]} 16. axb4 {[%emt 0:00:30]} a4 {[%emt 0:02:30]} 17. b5 {[%emt 0:05:30]} (17. Re1 $17) 17... a3 {[%emt 0:04:30]} 18. Qb3 {[%emt 0:13:30]} (18. Rb3 $142 a2 19. Bb2) 18... a2 {[%emt 0:01:30]} 19. Ra1 {[%emt 0:00:30]} Qa5 {[%emt 0:00:30]} 20. b6 {[%emt 0:05:30]} Rfc8 {[%emt 0:06:30]} 21. Bb2 {[%emt 0:09:30]} Qb5 {[%emt 0:01:30]} 22. Qxb5 {[%emt 0:04:30]} Bxb5 {[%emt 0:00:30]} 23. Rfc1 {[%emt 0:03:30]} Rxc1+ {[%emt 0:00:30]} 24. Rxc1 {[%emt 0:04:30]} Bxd3 {[%emt 0:00:30]} 25. e4 {[%emt 0:02:30]} Bh6 {[%emt 0:01:30]} 26. Rd1 {[%emt 0:01:30]} Bc2 $19 {[%emt 0:02:30]} 27. Rf1 {[%emt 0:04:30]} Ra6 {[%emt 0:01:30]} 0-1

[Event "5th Cesme Open 2017"]
[Site "Cesme"]
[Date "2017.06.14"]
[Round "5.12"]
[White "Kara, Yanki"]
[Black "Lomsadze, Davit"]
[Result "0-1"]
[WhiteElo "1946"]
[BlackElo "2341"]
[Annotator "ChessBase"]
[PlyCount "63"]
[EventType "swiss"]
[EventCountry "TUR"]
[SourceTitle "playchess.com"]
[Source "ChessBase"]
[SourceQuality "1"]
[TimeControl "5400+30"]

1. Nf3 {[%emt 0:06:30]} Nf6 {[%emt 0:01:00]} 2. g3 {[%emt 0:00:30]} b5 {[%emt 0:00:30]} 3. Bg2 {[%emt 0:00:30]} Bb7 {[%emt 0:00:30]} 4. Na3 {[%emt 0:00:30]} a6 {[%emt 0:00:30]} 5. c4 {[%emt 0:00:00]} c6 {[%emt 0:04:30]} 6. O-O {[%emt 0:06:00]} e6 {[%emt 0:00:30]} 7. b3 {[%emt 0:02:30]} Be7 {[%emt 0:01:30]} 8. Bb2 {[%emt 0:01:30]} O-O {[%emt 0:00:00]} 9. d4 {[%emt 0:01:30]} d6 {[%emt 0:01:00]} 10. Qd3 {[%emt 0:01:30]} Nbd7 {[%emt 0:01:30]} 11. e4 {[%emt 0:12:30]} e5 {[%emt 0:02:30]} 12. Rfe1 {[%emt 0:07:30]} Re8 {[%emt 0:08:30]} 13. Rad1 {[%emt 0:13:30]} Bf8 {[%emt 0:06:30]} 14. dxe5 {[%emt 0:03:30]} dxe5 {[%emt 0:01:30]} 15. Nb1 {[%emt 0:09:30]} Qb6 {[%emt 0:01:30]} 16. Bh3 {[%emt 0:00:30]} Rad8 {[%emt 0:02:30]} 17. Qc2 {[%emt 0:01:30]} h5 {[%emt 0:01:30]} 18. Bf1 {[%emt 0:06:30]} Ng4 {[%emt 0:01:30]} 19. Re2 {[%emt 0:02:30]} b4 {[%emt 0:08:30]} 20. h3 {[%emt 0:00:30]} Ngf6 {[%emt 0:00:30]} 21. Red2 {[%emt 0:01:39]} c5 {[%emt 0:04:30]} 22. Ng5 {[%emt 0:01:48]} Qc7 {[%emt 0:02:30]} 23. h4 {[%emt 0:04:14]} Ra8 {[%emt 0:06:30]} 24. f3 {[%emt 0:06:22]} Nb8 {[%emt 0:02:30]} 25. Bh3 {[%emt 0:00:09]} Bc8 {[%emt 0:00:30]} 26. a3 {[%emt 0:03:50]} a5 {[%emt 0:00:30]} 27. a4 {[%emt 0:00:57]} Nc6 {[%emt 0:00:30]} 28. Re2 {[%emt 0:00:32]} Nd4 {[%emt 0:00:30]} 29. Bxd4 {[%emt 0:00:06]} cxd4 {[%emt 0:01:30]} 30. Kg2 {[%emt 0:00:54]} Nd7 {[%emt 0:00:30]} 31. Bxd7 {[%emt 0:00:25]} Qxd7 {[%emt 0:00:30]} 32. Rh1 {[%emt 0:02:50]} 0-1